| 000 | 00723nam a2200205 a 4500 | ||
|---|---|---|---|
| 001 | 000017164 | ||
| 005 | 20240229161930.0 | ||
| 008 | 100319s1956 ag r 000 p spa d | ||
| 040 |
_aDO-SdBNP _bspa _cBNPHU |
||
| 082 |
_aRD861.09 _bP438e |
||
| 100 | 1 |
_aPérez, Carlos Federico, _d1912-1984 _924849 |
|
| 245 | 1 | 0 |
_aEvolución de la poética dominicana / _cCarlos Federico Pérez. |
| 260 |
_aBuenos Aires : _bPoblet, _c1956. |
||
| 300 |
_a270 p. ; _c21 cm. |
||
| 500 | _aIncluye índice nominativo | ||
| 500 | _aIncluye referencias bibliográficas y notas al pie de las páginas | ||
| 590 | _aInventariado, 2019/BT | ||
| 650 | 4 |
_aPoesía dominicana _xHistoria y crítica _913072 |
|
| 910 | _aValidado. Control de calidad MFF | ||
| 999 |
_c16690 _d16690 |
||